[Event "Canadian zt (Women)"]
[Site "Toronto"]
[Date "2024.03.29"]
[Round "3"]
[White "Hitchlock, Veronica"]
[Black "Zhao, Shannon1"]
[Result "1-0"]
[WhiteElo "1680"]
[BlackElo "1525"]
[PlyCount "101"]
[EventDate "2024.03.28"]
[EventType "team-swiss"]
[EventRounds "9"]
[EventCountry "CAN"]
[SourceTitle "CB15_2024"]
[SourceDate "2024.04.10"]
[SourceVersion "1"]
[SourceVersionDate "2024.04.10"]
[SourceQuality "1"]

1. c4 e5 2. g3 g6 3. Nc3 Bg7 4. Bg2 Nf6 5. Nf3 Nc6 6. 0-0 0-0 7. d4 d6 8. d5 Ne7 9. e4 c6 10. Qd3 cxd5 11. cxd5 Bd7 12. b3 a6 13. Ba3 Qb6 14. Nd2 Bb5 15. Nxb5 axb5 16. Bb2 Nd7 17. b4 f5 18. Bh3 Rad8 19. Kh1 f4 20. Be6+ Kh8 21. Nf3 fxg3 22. fxg3 Nf6 23. Ng5 Ra8 24. Nf7+ Kg8 25. Nxd6+ Kh8 26. Nf7+ Kg8 27. Nxe5+ Kh8 28. Nf7+ Rxf7 29. Bxf7 Rf8 30. Be6 Qd8 31. Rad1 Nc8 32. e5 Nd7 33. Bxd7 Rxf1+ 34. Rxf1 Qxd7 35. e6 Qd8 36. Bxg7+ Kxg7 37. Rf7+ Kh6 38. Qe3+ Qg5 39. Rxh7+ Kxh7 40. Qxg5 b6 41. Qd8 Na7 42. Qxb6 Nc8 43. Qb7+ Kh6 44. Qxc8 g5 45. e7 g4 46. Qh8+ Kg5 47. e8Q Kf5 48. Qhh5+ Kf6 49. Qhf7+ Kg5 50. Qeg8+ Kh6 51. Qfh7# 1-0

[Event "Canadian zt (Women)"]
[Site "Toronto"]
[Date "2024.03.28"]
[Round "2"]
[White "Fu, Ashley"]
[Black "Hitchlock, Veronica"]
[Result "0-1"]
[WhiteElo "1528"]
[BlackElo "1680"]
[PlyCount "72"]
[EventDate "2024.03.28"]
[EventType "team-swiss"]
[EventRounds "9"]
[EventCountry "CAN"]
[SourceTitle "CB15_2024"]
[SourceDate "2024.04.10"]
[SourceVersion "1"]
[SourceVersionDate "2024.04.10"]
[SourceQuality "1"]

1. e4 c5 2. c3 e5 3. Nf3 Nc6 4. d4 cxd4 5. cxd4 exd4 6. Nxd4 Bb4+ 7. Nc3 Nf6 8. f3 d5 9. Nxc6 bxc6 10. Bd2 0-0 11. Qc2 Bxc3 12. Bxc3 dxe4 13. Bxf6 Qxf6 14. fxe4 Rb8 15. 0-0-0 Be6 16. Kb1 Qe5 17. Bd3 Rxb2+ 18. Qxb2 Rb8 19. Bb5 Qxe4+ 20. Ka1 cxb5 21. Qxb5 Rf8 22. Qa5 Qc6 23. Rd8 g6 24. Rhd1 Qxg2 25. Qxa7 Qxh2 26. Qa5 h5 27. R8d2 Qf4 28. Rd4 Qf6 29. a4 h4 30. Qb4 h3 31. Qb2 Ra8 32. Rh1 Qf3 33. Rdd1 Rxa4+ 34. Kb1 Bf5+ 35. Kc1 Rc4+ 36. Kd2 Qf2# 0-1

[Event "CAN-ch U16U18 Girls"]
[Site "Quebec"]
[Date "2018.07.04"]
[Round "5.11"]
[White "Cui, Cynthia"]
[Black "Hitchlock, Veronica"]
[Result "1-0"]
[WhiteElo "1995"]
[BlackElo "1367"]
[PlyCount "41"]
[EventDate "2018.07.02"]
[EventType "swiss"]
[EventRounds "7"]
[EventCountry "CAN"]
[SourceTitle "EXT 2022"]
[Source "ChessBase"]
[SourceDate "2021.10.06"]
[SourceVersion "1"]
[SourceVersionDate "2021.10.06"]
[SourceQuality "1"]

1. c4 b5 2. cxb5 a6 3. bxa6 Nxa6 4. d4 g6 5. Nf3 Bg7 6. Nc3 d6 7. g3 Nf6 8. Bg2 Bb7 9. 0-0 0-0 10. b3 e5 11. dxe5 dxe5 12. Bb2 e4 13. Ne1 Rb8 14. Qc1 Re8 15. Nc2 Qe7 16. Ne3 h5 17. h4 Rbd8 18. Nc4 Ng4 19. Nd1 Bh6 20. Qc3 Bd5 21. Qh8# 1-0

[Event "CAN-ch U16U18 Girls"]
[Site "Quebec"]
[Date "2018.07.03"]
[Round "4.11"]
[White "Hitchlock, Veronica"]
[Black "Zhou, Lily"]
[Result "0-1"]
[WhiteElo "1367"]
[BlackElo "1741"]
[PlyCount "86"]
[EventDate "2018.07.02"]
[EventType "swiss"]
[EventRounds "7"]
[EventCountry "CAN"]
[SourceTitle "EXT 2022"]
[Source "ChessBase"]
[SourceDate "2021.10.06"]
[SourceVersion "1"]
[SourceVersionDate "2021.10.06"]
[SourceQuality "1"]

1. e4 c5 2. Nf3 Nc6 3. g3 g6 4. Bg2 Bg7 5. d3 d6 6. Nbd2 e6 7. 0-0 d5 8. c4 Nge7 9. Ng5 0-0 10. Qg4 h6 11. Ndf3 hxg5 12. Nxg5 Nd4 13. Qh3 Re8 14. Bf3 Nxf3+ 15. Nxf3 e5 16. g4 Qd7 17. Kh1 Qxg4 18. Qg3 dxe4 19. Nd2 Qxg3 20. fxg3 exd3 21. Ne4 b6 22. Bh6 Bb7 23. Rae1 Bxh6 24. h4 f5 25. Kh2 Bxe4 26. b4 d2 27. Rd1 Bc2 28. bxc5 bxc5 29. a4 Bxd1 30. Rxd1 Nc6 31. Rxd2 Bxd2 32. a5 Nxa5 33. Kh3 Nxc4 34. g4 fxg4+ 35. Kxg4 Kg7 36. Kf3 Kf6 37. Ke4 Rad8 38. Kf3 e4+ 39. Kg4 e3 40. Kf3 e2 41. Kg2 e1Q 42. Kh3 Re3+ 43. Kg4 Rd4# 0-1